ARRACK IN THE AFTERNOON (Record no. 14550)

MARC details
000 -LEADER
fixed length control field 00348nam a2200133Ia 4500
008 - FIXED-LENGTH DATA ELEMENTS--GENERAL INFORMATION
fixed length control field 240624s9999 xx 000 0 und d
041 ## - LANGUAGE CODE
Language code of text/sound track or separate title eng
082 ## - DEWEY DECIMAL CLASSIFICATION NUMBER
Classification number 823 MEN
100 ## - MAIN ENTRY--PERSONAL NAME
Personal name MENACHERRY MATHEW VINCENT
245 ## - TITLE STATEMENT
Title ARRACK IN THE AFTERNOON
260 ## - PUBLICATION, DISTRIBUTION, ETC.
Date of publication, distribution, etc. 2009
Place of publication, distribution, etc. London
Name of publisher, distributor, etc. HarperCollins Publishers
300 ## - PHYSICAL DESCRIPTION
Extent 315 : p. : cm. ; 21
365 ## - TRADE PRICE
Currency code RS
Price amount 15
Holdings
Withdrawn status Lost status Damaged status Not for loan Home library Current library Shelving location Date acquired Source of acquisition Cost, normal purchase price Total Holds Full call number Barcode Date last seen Copy number Price effective from Koha item type
        IMTN IMTN Rack 39-B 02/24/2010 PSBE 350.00 776 823 MEN 14550 06/24/2024 1 06/24/2024 Books
Designed & Maintained by: LRC IMT Nagpur Contact: lrc@imtnag.ac.in© 2024. All Rights Reserved.